LEADER 00874nam a2200217 4500 001 000000364087 003 CaOOAMICUS 005 20250829092419.0 008 250829s1810 it 000 u ita r 026 $aA.IO geda sito OtIb (7) 1810 (R) 040 $aSeMil$bita 245 10$aVol. 1. 264 1$aPiacenza :$bdai torchj del Majno,$c1810. 300 $a320, [2] p. ;$c16° 500 $aSegn.: [1]/? 2-14/? 15/? 773 0 $aAlfieri, Vittorio <1749-1803>$tPoesie tradotte di Vittorio Alfieri da Asti. Volume 1. [-2.].$dPiacenza : dai torchj del Majno, 1810.$g1$w()364088 850 $aSeMil 852 $aSeMil$W1$xVenegono$y1$m1W III 15 FA$j261081$B254955$CSeMilBibl$Z2$F254955 $8I 996 $6245$aVol. 1$9(OLS)http://semarc/title/13429 996 $6264$aPiacenza :$bdai torchj del Majno$9(OLS)http://semarc/publisher/43699 LEADER 00941nam a2200241 i 4500 001 000000255507 003 CaOOAMICUS 005 20211111155756.0 008 171004s2016 it u000 u ita u 013 $a234415 020 $a978-9928-4373-2-7 040 $aSeMil$bita 245 10$aVol. 2. 300 $a509 p. :$bill. ;$c24 cm. 541 0 $aOmaggio mons. Mario Delpini (3B V 149) 773 0 $aDi Pinto, Leonardo $tProfilo storico agiografico di Mons. Vinçenc Prennushi e compagni martiri.$d[Shkodër] : Arcidiocesi Metropolitana di Scutari-Pult, 2016.$z978-9928-4373-0-3$g2$w()33264 850 $aSeMil 852 $aSeMil$W1$xVenegono$y1$m3B V 149$j205853$B205853$CSeMilBibl$Z2$F220242 $81 941 1 $a7 961 $aOmaggio mons. Mario Delpini 996 $6020$a978-9928-4373-2-7$9(OLS)http://semarc/number/279392 996 $6245$aVol. 2$9(OLS)http://semarc/title/13458